000 00887nam a2200217 i 4500
001 178993
003 ES-MaACL
005 20251123114359.0
008 110817s1912 fr |||| | fre d
245 0 0 _aNeutralité et monopole de l'enseignement
_b: suivi de l'Etat actuel de l'enseignement du latin : leçons professées à l'Ecole des Hautes études sociales /
_cpar V. Basch, E. Blum, A. Croiset [ et al.].
260 _aParis :
_bFélix Alcan,
_c1912.
300 _a312 p. ;
_c22 cm.
490 1 _aBibliothèque générale des sciences sociales ;
_v41
650 0 4 _aEnseñanza.
_912279
700 1 _aBasch, Victor.
_926260
700 0 _aCroiset, Alfred.
_941668
700 1 _aBlum, Léon,
_d1868-19.. ; professeur agrégé
_9147631
830 0 0 _aBibliothèque générale des sciences sociales
_v41
_9187778
852 _aES-MaACL
_jC-23120
999 _c178993
_d178993